000 00208 a2200097 4500
001 46372
100 _a
245 _aThe weather map
260 _aLondon
_bHis Majesty's Stationary
_c
090 _c29492
_d29492
942 _aNUST-CAE
_cM
_c21660
999 _c281445
_d281445